| 000 | 00562nam a2200193 4500 | ||
|---|---|---|---|
| 001 | 117731 | ||
| 003 | ES-MaACL | ||
| 005 | 20230906190947.0 | ||
| 007 | t| | ||
| 008 | 070214s1977 sp r ||||1| spa d | ||
| 100 | 1 |
_aPedrosa, Luis. _989947 |
|
| 245 | 1 | 0 |
_aQué es la Masonería / _cLuis Pedrosa. |
| 260 |
_aBarcelona : _bLa Gaya Ciencia, _c1977. |
||
| 300 |
_a80 p. ; _c17 cm. |
||
| 490 | 1 | _aBiblioteca de divulgación política | |
| 830 | 0 |
_aBiblioteca de divulgación política _9187096 |
|
| 852 |
_aES-MaACL _jA-7292 _bR.95978 |
||
| 999 |
_c117731 _d117731 |
||